Дело о выкупе земельных наделов временнообязанными крестьянами В.Ф. Новицкого деревни Новоселок Малоархангельского уезда Орловск...

Доступно только в Электронных читальных залах Найти на картеНа карте
RUSMARC
00004094nmc2a2200000 x 450
0014738cb41-823e-4bdf-9fec-5c1f3da67924
00520170921035417.0
100##$a20140401l18641865####k l0rusy0189 ca
1010#$arus
102##$aRU
2001#$aДело о выкупе земельных наделов временнообязанными крестьянами В.Ф. Новицкого деревни Новоселок Малоархангельского уезда Орловской губернии
$j27 марта 1864 г. - 6 мая 1865 г.
251##$cДело
300##$aДело
300##$aОриг. заголовок дела: Дело Новицкого В.Ф. Орловской губернии Малоархангельского уезда деревни Новоселок. 27 марта 1864 г. - 6 мая 1865 г
801#0$aRU
$bРГИА
$c20140401
$gRCR
801#1$aRU
$bГлавНИВЦ
$c20140401
$2rusmarc
801#2$aRU
$bПБ им. Б.Н. Ельцина
$c20170921
$gRCR
$2rusmarc
850##$aРГИА
852##$aРГИА
$eФедеральное казенное учреждение "Российский государственный исторический архив" (РГИА)
$j1942
937##$hРГИА
$d11047432
$aASBIBLIO_SCAN
462#0$10012327ab3a-0548-404e-b4cb-e37355ac5039
$12001
$a1863-1889 гг.
$1251
$cОпись
$1852
$j26
461#0$10018ef30ad5-ff5c-4840-a721-74c62a200f95
$12001
$aГлавное выкупное учреждение Министерства финансов
$1251
$cФонд
$1852
$j577
215##$a52 л.
$d36,5x26 см
371##$aДокумент не является опубликованным и широко распространяемым
105##$aу###
1222#$ad
5171#$aДело Новицкого В.Ф. Орловской губернии Малоархангельского уезда деревни Новоселок. 27 марта 1864 г. - 6 мая 1865 г
035##$a4738cb41-823e-4bdf-9fec-5c1f3da67924
856##$uhttp://readingroom.main.prlib.ru/item.aspx?id_node=n105153976&mode=full
Формат отображения